| 000 | 00931nam a22002777a 4500 | ||
|---|---|---|---|
| 003 | EG-ScBUE | ||
| 005 | 20220201103518.0 | ||
| 008 | 220201s2017 ua f 000 j ara d | ||
| 017 | _a2017/9069 | ||
| 020 | _a9789778200270 | ||
| 040 |
_aEG-ScBUE _bara _erda _cEG-ScBUE _dEG-ScBUE |
||
| 082 | 0 | 4 |
_222 _a892.736 _bت و ف |
| 100 | 1 |
_aتوفيق، أحمد خالد، _eمؤلف. _940942 |
|
| 245 | 1 | 2 |
_aالغرفة 207 / _cد. أحمد خالد توفيق. |
| 246 | 3 | 4 | _aسر الغرفة 207 |
| 264 | 1 |
_aالجيزة، مصر : _bكيان للنشر والتوزيع، _c2017. |
|
| 300 |
_a217 صفحة ؛ _c24 سم |
||
| 336 |
_2rdacontent _aنص _btxt |
||
| 337 |
_2rdamedia _aبدون وسيط _bn |
||
| 338 |
_2rdacarrier _aمجلد _bnc |
||
| 541 | _aBook Fair 2022. | ||
| 650 | 7 |
_aالقصص العربية القصيرة _zمصر _yقرن 21. _2BUEsh |
|
| 653 | _bARALIT | ||
| 655 |
_vReading book _934232 |
||
| 942 | _2ddc | ||
| 999 |
_c29760 _d29731 |
||